000 01181cam a22003497a 4500
003 CHAP
005 20220329140732.0
008 971013s1984 r 00010 d
010 _a56764
011 _a57736
035 _a61891
040 _cCHAP
082 _a627.8
_bS4
100 0 0 _aSchorr, Thomas S.
_eed.
_9103150
245 1 4 _aLas represas y sus efectos sobre la salud
260 _aMéxico, D. F. :
_bCentro Panamericano de Ecología Humana y Salud,
_c1984
300 _a341 p.
_b: gráfs.
490 0 _aEco gría
_v; 1
590 _aBATCH-UPD
_b10
_c20130110
_lUCH01
_h0622
590 _aBATCH-UPD
_b10
_c20130410
_lUCH01
_h0305
590 _aBATCH-UPD
_b10
_c20130914
_lUCH01
_h1226
590 _aCONVERSION
_b10
_c20130109
_lUCH01
_h1330
650 1 4 _aMedio ambiente
_xContaminación.
_974069
650 1 4 _aPresas.
_991480
650 1 4 _aRecursos hidráulicos
_xAmérica Latina.
_995093
650 1 4 _aSalud pública
_xAmérica Latina.
_9101814
710 0 _aOrganización Panamericana de la Salud.
_983557
830 0 _aEco gría
_v; 1
_935121
901 _aBK
942 _cLIBRO
949 _a627.8 S4
_bBC
_cLIBRO
_d33724000536371
_eLIBRO
_gI.135591
_h70743
_i61891
_si
_t910.00
999 _c56764
_d56764